000 00423nmm a2200145Ia 4500
008 251105s9999||||xx |||||||||||||||||und||
020 _a9788490852224
041 _aspa
100 _aEsteban Curiel, Javier de (dir.)
245 0 _aTurismo gastronómico y enológico
264 _a[Madrid, España] :
_bDykinson,
_c2015
300 _a184 páginas
856 _uhttps://public.digitaliapublishing.com/a/40416
942 _cCF
999 _c87938
_d87938